000 00521nam a22001937a 4500
003 KOHA_MİRAKIL
005 20251014145016.0
008 251014b tu ||||| |||| 00| 0 tur d
020 _a9786059791618
040 _aTR-AnABB
_btur
_cTR-AnABB
041 _atur
082 _a813.42
_bDEM 2018
100 1 _aDemir, Fehmi,
245 1 0 _aSultan çeşmesi /
_cFehmi Demir
260 _aAnkara :
_bMaarif Mektepleri,
_c2018
300 _a216 sayfa ;
_c20 cm
650 0 4 _aTürk edebiyatı, roman
942 _2ddc
_cBK
999 _c9151
_d9151
900 _bGizem YORULMAZ